| 000 | 01046nam a22003257a 4500 | ||
|---|---|---|---|
| 003 | DO-SdBNP | ||
| 005 | 20180126133606.0 | ||
| 008 | 151029b 1989 sp || 00| 0 spa d | ||
| 020 | _a8420733113 | ||
| 040 |
_aBPMSU _bspa _cBPMSU |
||
| 082 |
_a823.8 _bC754j |
||
| 092 |
_a _b |
||
| 100 | 1 |
_aConrad, Joseph, _d1857-1924 |
|
| 245 | 1 |
_aJuventud ; _b La linea de sombra / _cJoseph Conrad ; traducción Vicente Muñoz Puelles ; ilustración José Luis Largo |
|
| 260 |
_aMadrid : _bAnaya, _c1989. |
||
| 300 |
_a227p. : _bil. ; _c20 cm. |
||
| 490 | 1 |
_aTus libros ; _v 86 |
|
| 505 | _aJuventud -- La línea de sombra | ||
| 650 | _aCUENTOS JUVENILES INGLESES | ||
| 650 | _aLITERATURA JUVENIL INGLESA | ||
| 700 | 1 | 0 |
_aMuñoz Puelles, Vicente, _etraducción |
| 700 | 1 | 0 |
_aLargo, José Luis, _eilustración |
| 740 | _aLa línea de sombra | ||
| 830 | 0 |
_aTus libros : _n86 |
|
| 830 | _n | ||
| 942 |
_2ddc _cBK |
||
| 945 | _aInventariado, 2018 / BT | ||
| 956 |
_aBTAVAREZ _b10 _d20180126 _fBPMSU _h0038 |
||
| 956 |
_aVMATEO _b10 _c20161031 _dBPMSU _f0069 |
||
| 999 |
_c8493 _d8493 |
||